[Event "Mondiale Lampo FIDE 2022"]
[Site "Alma Ata"]
[Date "30.12.2022"]
[Round "14.43"]
[White "Saraci, Nderim"]
[Black "Andriasian, Zaven"]
[Result "0-1"]
[WhiteTitle ""]
[BlackTitle ""]
[WhiteElo "2468"]
[BlackElo "2580"]
[WhiteFideId "6351921"]
[BlackFideId "13302000"]
[EventDate "29.12.2022"]

1. b3 e5 2. Bb2 d6 3. e3 Nc6 4. c4 Nf6 5. Nf3 Bg4 6. d3 d5 7. cxd5 Nxd5 8. Be2
Bd6 9. Nbd2 O-O 10. O-O Re8 11. Rc1 Bd7 12. Ne4 Qe7 13. Nc3 Nb6 14. Nd2 Rad8 15.
Nc4 Qe6 16. Qc2 Qg6 17. Ne4 Bf8 18. Rfd1 Bg4 19. a3 Nd5 20. Ng3 h5 21. Bxg4 Qxg4
22. Qe2 Qxe2 0-1

[Event "Mondiale Lampo FIDE 2022"]
[Site "Alma Ata"]
[Date "30.12.2022"]
[Round "14.44"]
[White "Chigaev, Maksim"]
[Black "Muradli, Mahammad"]
[Result "1-0"]
[WhiteTitle ""]
[BlackTitle ""]
[WhiteElo "2632"]
[BlackElo "2540"]
[WhiteFideId "4108116"]
[BlackFideId "13409301"]
[EventDate "29.12.2022"]

1. e4 c5 2. Nf3 d6 3. d4 cxd4 4. Nxd4 e6 5. h4 a6 6. Nc3 Ne7 7. g4 Nec6 8. Nb3
b5 9. a3 Bb7 10. g5 Nd7 11. f4 Be7 12. Be3 Rc8 13. Qd2 Qc7 14. h5 b4 15. axb4
Nxb4 16. Bg2 e5 17. f5 h6 18. f6 gxf6 19. gxh6 f5 20. exf5 Bxg2 21. Qxg2 Nf6 22.
Rg1 d5 23. O-O-O a5 24. Qg7 Rh7 25. Qg2 a4 26. Nxa4 Nxc2 27. Bc5 Nb4 28. Kb1 Qc6
29. Bxb4 Bxb4 30. Rc1 Qb7 31. Rxc8+ Qxc8 32. Rc1 Qa6 33. Nac5 Bxc5 34. Nxc5 Qb5
35. Qg5 Ke7 36. Qe3 e4 37. Qf4 Ne8 38. f6+ Kf8 39. Qe5 Qc6 40. Qd4 Rxh6 41. Nxe4
Qe6 42. Qb4+ Kg8 43. Rg1+ 1-0

[Event "Mondiale Lampo FIDE 2022"]
[Site "Alma Ata"]
[Date "30.12.2022"]
[Round "14.45"]
[White "Nogerbek, Kazybek"]
[Black "Adly, Ahmed"]
[Result "1-0"]
[WhiteTitle ""]
[BlackTitle ""]
[WhiteElo "2468"]
[BlackElo "2596"]
[WhiteFideId "13710427"]
[BlackFideId "10601619"]
[EventDate "29.12.2022"]

1. Nf3 d5 2. e3 Nf6 3. c4 e6 4. Nc3 b6 5. cxd5 exd5 6. b3 Bb7 7. Bb2 Nbd7 8. Rc1
a6 9. g3 Nc5 10. d4 Nce4 11. Bg2 Bd6 12. O-O O-O 13. Ne2 Qe7 14. Nf4 Rac8 15.
Re1 c5 16. dxc5 bxc5 17. Nd2 Rfd8 18. Nxe4 dxe4 19. Qe2 Be5 20. h4 h6 21. Red1
Bxb2 22. Qxb2 Rxd1+ 23. Rxd1 Rd8 24. Qc2 Rxd1+ 25. Qxd1 Nd7 26. h5 Ne5 27. Qd2
Qd7 28. Qxd7 Nxd7 29. Ne2 Nf6 30. Nc3 Kf8 31. Na4 c4 32. bxc4 Bc6 33. Nc5 a5 34.
Nb3 a4 35. Nd4 Bb7 36. c5 Bd5 37. a3 Nxh5 38. Bh3 Ke7 39. Bf1 Nf6 40. Bb5 Nd7
41. Nf5+ Kd8 42. Bxa4 Nxc5 43. Bc2 Ne6 44. Nd6 Ng5 45. Nf5 g6 46. Nd4 h5 47. a4
Kc7 48. Kg2 Kb6 49. Nb5 Ka5 50. Nd6 Bc6 51. Bb3 f6 52. Nf7 Bxa4 1-0

[Event "Mondiale Lampo FIDE 2022"]
[Site "Alma Ata"]
[Date "30.12.2022"]
[Round "14.46"]
[White "Cheng, Bobby"]
[Black "Ghaem Maghami, Ehsan"]
[Result "0-1"]
[WhiteTitle ""]
[BlackTitle ""]
[WhiteElo "2583"]
[BlackElo "2490"]
[WhiteFideId "4300033"]
[BlackFideId "12500739"]
[EventDate "29.12.2022"]

1. d4 Nf6 2. c4 e6 3. g3 d5 4. Bg2 Bb4+ 5. Bd2 Be7 6. Nf3 c6 7. O-O Nbd7 8. Qc2
b6 9. Bf4 Bb7 10. cxd5 Nxd5 11. Bd2 c5 12. e4 N5f6 13. Nc3 cxd4 14. Nxd4 Bc5 15.
Nb3 Rc8 16. Rad1 Bb4 17. a3 Bxc3 18. Bxc3 O-O 19. Qe2 Qc7 20. Bb4 Rfe8 21. Rc1
Qb8 22. Rxc8 Rxc8 23. Rc1 Rxc1+ 24. Nxc1 Qc7 25. Bc3 Nc5 26. Bxf6 gxf6 27. Na2
Qe5 28. Nc3 Qd4 29. Qg4+ Kf8 30. Qf4 Ba6 31. h4 Nd3 32. Qd2 Ke7 33. Bf1 Qd6 34.
Qh6 Bb7 35. Qxh7 Nxb2 36. Qh8 Qe5 37. Ne2 Qxe4 38. f4 Nd3 0-1

[Event "Mondiale Lampo FIDE 2022"]
[Site "Alma Ata"]
[Date "30.12.2022"]
[Round "14.47"]
[White "Ghasi, Ameet K"]
[Black "Batsuren, Dambasuren"]
[Result "1-0"]
[WhiteTitle ""]
[BlackTitle ""]
[WhiteElo "2471"]
[BlackElo "2525"]
[WhiteFideId "409200"]
[BlackFideId "4902920"]
[EventDate "29.12.2022"]

1. Nf3 Nf6 2. g3 b5 3. Bg2 Bb7 4. O-O e6 5. d3 d5 6. c4 a6 7. cxd5 exd5 8. d4
Bd6 9. Nbd2 O-O 10. Nb3 Nbd7 11. Bd2 Ne4 12. Na5 Bc8 13. Rc1 c5 14. dxc5 Bxc5
15. Be1 Ndf6 16. Nb3 Bb6 17. Bb4 Re8 18. e3 Bg4 19. h3 Bxf3 20. Qxf3 a5 21. Bc3
b4 22. Bxf6 Nxf6 23. Rfd1 a4 24. Nd4 Ne4 25. Qf5 g6 26. Qf4 a3 27. bxa3 Nc3 28.
Rd2 Rxa3 29. Nc6 Qc8 30. Qxb4 Ra4 31. Qxc3 Rc4 32. Qa1 Qxc6 33. Rcd1 Rc2 34.
Bxd5 Qc7 35. Rxc2 Qxc2 36. Bb3 Qf5 37. Qc1 Rc8 38. Qd2 Rd8 39. Qe2 Rxd1+ 40.
Qxd1 Qxh3 41. Qd6 Ba5 42. Qb8+ Kg7 43. Qe5+ 1-0

[Event "Mondiale Lampo FIDE 2022"]
[Site "Alma Ata"]
[Date "30.12.2022"]
[Round "14.48"]
[White "Tsaruk, Maksim"]
[Black "Yakubboev, Nodirbek"]
[Result "0-1"]
[WhiteTitle ""]
[BlackTitle ""]
[WhiteElo "2373"]
[BlackElo "2647"]
[WhiteFideId "13511173"]
[BlackFideId "14203987"]
[EventDate "29.12.2022"]

1. e4 c5 2. Nf3 Nc6 3. d4 cxd4 4. Nxd4 Nf6 5. Nc3 e5 6. Ndb5 d6 7. Bg5 a6 8. Na3
b5 9. Nd5 Be7 10. Bxf6 Bxf6 11. c3 Rb8 12. Nc2 Bg5 13. a4 bxa4 14. Ncb4 Nxb4 15.
cxb4 O-O 16. Rxa4 a5 17. b5 f5 18. exf5 Bxf5 19. Bc4 Kh8 20. O-O Qc8 21. b3 Bd8
22. Ne3 Qc5 23. Nxf5 Rxf5 24. Bd3 Rf6 25. Rc4 Qa7 26. Qc2 g6 27. Rc8 Kg7 28.
Rxb8 Qxb8 29. Qc6 Bb6 30. Be4 Bc5 31. g3 Qf8 32. Qd7+ Kh8 33. Kg2 Rxf2+ 34. Rxf2
Qxf2+ 35. Kh3 Qf1+ 36. Kh4 Qf6+ 37. Kh3 h5 38. Qc8+ Kg7 39. Qc7+ Kh6 40. Qd7
Qf1+ 41. Bg2 Qe2 42. Qe6 Qd3 43. Qc8 Qf5+ 44. Qxf5 gxf5 45. Bd5 Kg5 46. Kg2 e4
47. h4+ Kf6 48. Kf1 Bb6 49. Ke2 Ke5 50. Bf7 d5 51. Bxh5 d4 52. Kd1 d3 53. Bf7 e3
54. Bc4 Kd4 55. h5 Bc5 56. h6 e2+ 0-1

[Event "Mondiale Lampo FIDE 2022"]
[Site "Alma Ata"]
[Date "30.12.2022"]
[Round "14.49"]
[White "Sargissian, Gabriel"]
[Black "Pranav, V"]
[Result "0-1"]
[WhiteTitle ""]
[BlackTitle ""]
[WhiteElo "2699"]
[BlackElo "2545"]
[WhiteFideId "13300881"]
[BlackFideId "25060783"]
[EventDate "29.12.2022"]

1. d4 Nf6 2. Nf3 e6 3. c4 b6 4. g3 Ba6 5. b3 Bb7 6. Bg2 Bb4+ 7. Bd2 a5 8. O-O
O-O 9. Bf4 a4 10. bxa4 d6 11. a3 Ba5 12. d5 e5 13. Bd2 Bxd2 14. Nfxd2 Nbd7 15.
Nc3 Nc5 16. Qc2 Bc8 17. Nb3 Nxa4 18. Nxa4 Rxa4 19. Nd4 Bd7 20. Nb5 Qa8 21. e4
Qa5 22. Rab1 h6 23. Rb3 Ra8 24. h3 Bxb5 25. cxb5 Ra7 26. Kh2 Rxa3 27. Rxa3 Qxa3
28. Rb1 Nd7 29. Qc6 Nf6 30. Rc1 Qb2 31. Rc2 Qd4 32. Re2 g6 33. Qc2 Kg7 34. Rd2
Qb4 35. Qd3 Ra3 36. Qe2 Nd7 37. Rb2 Rb3 38. Rxb3 Qxb3 39. h4 h5 40. Qd2 Qxb5 41.
Qg5 Nf6 42. Qc1 Qc5 43. Qb2 b5 0-1

[Event "Mondiale Lampo FIDE 2022"]
[Site "Alma Ata"]
[Date "30.12.2022"]
[Round "14.50"]
[White "Vallejo Pons, Francisco"]
[Black "Isanzhulov, Arystan"]
[Result "1/2-1/2"]
[WhiteTitle ""]
[BlackTitle ""]
[WhiteElo "2716"]
[BlackElo "2313"]
[WhiteFideId "2205530"]
[BlackFideId "13711644"]
[EventDate "29.12.2022"]

1. e4 c5 2. Ne2 g6 3. d4 cxd4 4. Nxd4 Nc6 5. Nc3 Bg7 6. Be3 Nf6 7. Bc4 O-O 8.
Bb3 Re8 9. f3 e6 10. f4 d6 11. O-O Na5 12. Ndb5 Bf8 13. e5 Nxb3 14. axb3 dxe5
15. Qxd8 Rxd8 16. Nc7 Bd7 17. Nxa8 Rxa8 18. fxe5 Ng4 19. Bd4 a6 20. h3 Nh6 21.
g4 Bc6 22. Be3 Kg7 23. Rf2 Be7 24. Raf1 Rf8 25. Kh2 Ng8 26. Kg3 f5 27. exf6+
Bxf6 28. Bf4 g5 29. Bd6 Rd8 30. Rxf6 Nxf6 31. Be7 Rd2 32. Bxf6+ Kg6 33. Bxg5
Kxg5 34. h4+ Kg6 35. Re1 Rxc2 36. Rxe6+ Kf7 37. Re3 Rxb2 38. Ne2 Bd5 39. Nd4 a5
40. Kf4 Kf6 41. g5+ Kg6 42. Ke5 Bf7 43. Rf3 Bg8 44. Rf6+ Kh5 45. Rh6+ Kg4 46. g6
b5 47. gxh7 Bxh7 48. Rxh7 a4 49. bxa4 bxa4 50. Nf5 Rb5+ 51. Ke4 Rb4+ 52. Nd4 a3
53. Ra7 Kxh4 54. Rxa3 Kg5 55. Ra6 Rc4 56. Rd6 Ra4 57. Rc6 Rb4 58. Ke5 Ra4 59.
Rc8 Ra5+ 60. Ke4 Ra4 61. Rg8+ Kf6 62. Rb8 Kg5 63. Kd5 Ra5+ 64. Nb5 Kh5 65. Kc5
Kg5 66. Rf8 Kg6 67. Rf2 Kg5 68. Kc4 Ra4+ 69. Kd5 Ra5 70. Rb2 Kf5 71. Kd4 Ra4+
72. Ke3 Ke5 73. Rh2 Kf6 74. Nd4 Rb4 75. Ke4 Ra4 76. Rh6+ Kg5 77. Rd6 Rb4 78. Ke5
Ra4 79. Rd5 Kg4 80. Ke4 Rb4 81. Rd8 Ra4 82. Rg8+ Kh5 83. Kf5 Ra5+ 84. Kf6 Ra6+
85. Ne6 Kh4 86. Kf5 Ra5+ 87. Ke4 Ra4+ 88. Nd4 Rb4 89. Ke3 Kh5 90. Nf5 Re4+ 91.
Kf3 Rf4+ 92. Kxf4 1/2-1/2

[Event "Mondiale Lampo FIDE 2022"]
[Site "Alma Ata"]
[Date "30.12.2022"]
[Round "14.51"]
[White "Harsha, Bharathakoti"]
[Black "Tomashevsky, Evgeny"]
[Result "0-1"]
[WhiteTitle ""]
[BlackTitle ""]
[WhiteElo "2593"]
[BlackElo "2694"]
[WhiteFideId "5078776"]
[BlackFideId "4147235"]
[EventDate "29.12.2022"]

1. f4 d5 2. Nf3 Nf6 3. g3 c5 4. Bg2 Nc6 5. O-O g6 6. d3 Bg7 7. Qe1 Nd4 8. Na3
Nxf3+ 9. Rxf3 O-O 10. e4 b6 11. e5 Ne8 12. c3 Nc7 13. d4 Bf5 14. Rf2 Qd7 15. Be3
cxd4 16. cxd4 Rfc8 17. Qb4 Bf8 18. Qb3 e6 19. h3 Be4 20. Rc1 Bxa3 21. Qxa3 Nb5
22. Qb4 Rxc1+ 23. Bxc1 a5 24. Qa4 Rc8 25. Be3 Qc6 26. Bf1 Na7 27. Qxc6 Nxc6 28.
a3 f5 29. exf6 Kf7 30. Rd2 Kxf6 31. Rd1 Ne7 32. Rc1 Rxc1 33. Bxc1 Nf5 34. Kf2
Nd6 35. g4 Bc2 36. Ke3 Bb3 37. Bg2 h5 38. Bf3 hxg4 39. hxg4 Bc2 40. Kd2 Bb3 41.
Kc3 Bc4 42. b3 Nb5+ 43. Kd2 Bxb3 44. Bb2 Nd6 45. Kc3 Ba4 46. Bc1 b5 47. Kd3 b4
48. axb4 axb4 49. Bd2 b3 50. Bc1 Bb5+ 51. Kc3 Bc4 52. Bb2 g5 53. fxg5+ Kxg5 54.
Bc1+ Kf6 55. Bb2 Nb5+ 56. Kd2 Kg5 57. Ke3 Nd6 58. Bd1 Ne4 59. Bf3 Nf6 60. Bc1
Nd7 61. Kd2 Nb6 62. Kc3+ Kg6 63. Kb4 Nd7 64. Bd1 Nf6 65. Bf3 Ne8 66. Kc5 Kf7 67.
Kb4 Nd6 68. Kc5 Nb5 69. Bd1 Nc3 70. Bf3 Be2 71. Kb4 Na2+ 72. Ka3 Nxc1 0-1

[Event "Mondiale Lampo FIDE 2022"]
[Site "Alma Ata"]
[Date "30.12.2022"]
[Round "14.52"]
[White "Ganguly, Surya Shekhar"]
[Black "Svane, Rasmus"]
[Result "0-1"]
[WhiteTitle ""]
[BlackTitle ""]
[WhiteElo "2582"]
[BlackElo "2622"]
[WhiteFideId "5002150"]
[BlackFideId "4657101"]
[EventDate "29.12.2022"]

1. e4 c6 2. Nf3 d5 3. d3 dxe4 4. dxe4 Qxd1+ 5. Kxd1 Nf6 6. Nfd2 g5 7. f3 h5 8.
a4 Nbd7 9. a5 h4 10. Nc4 Bh6 11. g4 Rb8 12. Be3 b5 13. axb6 axb6 14. Nbd2 O-O
15. c3 b5 16. Na5 Ne5 17. Be2 Be6 18. Kc2 Rfc8 19. b4 Nfd7 20. Ndb3 Kh7 21. Rhd1
Kg6 22. Nd4 Bg7 23. Nf5 Bf6 24. Nd4 Nb6 25. f4 gxf4 26. Bxf4 c5 27. Ndc6 Nxc6
28. Nxc6 Rxc6 29. Bxb8 cxb4 30. e5 Rxc3+ 31. Kb1 Bg5 32. Bxb5 Nc4 33. Bxc4 Bxc4
34. Ra5 b3 35. Ba7 Rc2 36. h3 Rh2 37. Rc5 Be6 38. Rc3 Rg2 39. Be3 Rg3 40. Rdd3
Rxh3 41. Bxg5 Rxd3 42. Rxd3 Kxg5 0-1

[Event "Mondiale Lampo FIDE 2022"]
[Site "Alma Ata"]
[Date "30.12.2022"]
[Round "14.53"]
[White "Christiansen, Johan-Sebastian"]
[Black "Zhigalko, Sergei"]
[Result "0-1"]
[WhiteTitle ""]
[BlackTitle ""]
[WhiteElo "2578"]
[BlackElo "2572"]
[WhiteFideId "1512668"]
[BlackFideId "13502956"]
[EventDate "29.12.2022"]

1. e4 c5 2. Nf3 Nc6 3. b4 Nxb4 4. c3 Nc6 5. d4 d5 6. exd5 Qxd5 7. Na3 Bg4 8. Be2
cxd4 9. cxd4 e6 10. O-O Nf6 11. Rb1 Be7 12. Rxb7 O-O 13. h3 Bh5 14. Qa4 Nxd4 15.
Nxd4 Qxb7 16. Bxh5 Nxh5 17. Nc4 Rfc8 18. Ne5 Bf6 19. Ndf3 Bxe5 20. Nxe5 Nf6 21.
Bg5 Qe4 22. Qa5 Qf5 23. f4 Nd5 24. Qa6 Ne3 25. Re1 Nd5 26. Qb7 Rcb8 27. Qd7 Nb6
28. Qe7 Re8 29. Qb7 Rf8 30. Be7 Rfb8 31. Qc7 Nd5 32. Qd7 Nxe7 33. Qxe7 Qxf4 34.
Ng4 Re8 35. Qb7 Qd4+ 36. Kh1 Rab8 37. Qc7 Qb6 38. Qf4 e5 39. Qg5 h6 40. Qf5 Qg6
41. Qf3 Rb1 42. Rxb1 Qxb1+ 43. Kh2 Qxa2 44. Qb7 Qe6 45. Qxa7 e4 46. Ne3 Qd6+ 47.
Kg1 Rc8 48. Qb7 Qc5 49. Kf2 Qc6 50. Qa7 Qf6+ 51. Ke2 Qb2+ 52. Ke1 Rc1+ 53. Nd1
Qc3+ 54. Kf2 Qd2+ 55. Kg3 Rxd1 0-1

[Event "Mondiale Lampo FIDE 2022"]
[Site "Alma Ata"]
[Date "30.12.2022"]
[Round "14.54"]
[White "Ivic, Velimir"]
[Black "Tin, Jingyao"]
[Result "0-1"]
[WhiteTitle ""]
[BlackTitle ""]
[WhiteElo "2572"]
[BlackElo "2562"]
[WhiteFideId "950122"]
[BlackFideId "5804418"]
[EventDate "29.12.2022"]

1. d4 d5 2. c4 c6 3. Nf3 Nf6 4. Nc3 e6 5. Bg5 h6 6. Bxf6 Qxf6 7. e3 Nd7 8. Be2
g6 9. O-O Bg7 10. e4 dxc4 11. e5 Qe7 12. Bxc4 O-O 13. Re1 b6 14. Rc1 Bb7 15. Qe2
a6 16. a3 Rfd8 17. b4 c5 18. bxc5 Bxf3 19. Qxf3 bxc5 20. d5 Nxe5 21. Rxe5 Bxe5
22. dxe6 fxe6 23. Re1 Qf6 24. Qh3 Kg7 25. Ne4 Qf5 26. Qh4 g5 27. Qh5 Rd4 28. Rb1
Rad8 29. f3 Rxc4 30. Rb7+ Kg8 31. Qxh6 Rxe4 0-1

[Event "Mondiale Lampo FIDE 2022"]
[Site "Alma Ata"]
[Date "30.12.2022"]
[Round "14.55"]
[White "Zhalmakhanov, Ramazan"]
[Black "Vokhidov, Shamsiddin"]
[Result "0-1"]
[WhiteTitle ""]
[BlackTitle ""]
[WhiteElo "2401"]
[BlackElo "2579"]
[WhiteFideId "13706357"]
[BlackFideId "14204223"]
[EventDate "29.12.2022"]

1. e4 e5 2. Nf3 Nc6 3. Bb5 Nge7 4. c3 d5 5. Nxe5 dxe4 6. Nxc6 bxc6 7. Bc4 Nf5 8.
O-O Be7 9. d3 Nd6 10. Bb3 Ba6 11. c4 exd3 12. Qxd3 Nxc4 13. Qg3 O-O 14. Nc3 Bd6
15. Qh3 Re8 16. Rd1 Qe7 17. Bxc4 Bxc4 18. Be3 a5 19. Qf3 c5 20. Rac1 Qe5 21. g3
a4 22. a3 Rab8 23. Rd2 Bb3 24. Kg2 Rbd8 25. h4 h6 26. Rg1 Bf8 27. Rxd8 Rxd8 28.
Rc1 Rd3 29. Bf4 Qf5 30. Qe2 Be6 31. f3 Bb3 32. Re1 Bd6 33. Bxd6 Rxd6 34. Qe8+
Kh7 35. Re2 Be6 36. Qxa4 c4 37. Qc2 Rd3 38. Rf2 Qh3+ 39. Kg1 Qxg3+ 40. Rg2 Qxf3
41. a4 Bf5 42. Qe2 Qf4 43. Qf2 Rf3 44. Qe2 Bd3 0-1

[Event "Mondiale Lampo FIDE 2022"]
[Site "Alma Ata"]
[Date "30.12.2022"]
[Round "14.56"]
[White "Lintchevski, Daniil"]
[Black "Zverev, Lev"]
[Result "1/2-1/2"]
[WhiteTitle ""]
[BlackTitle ""]
[WhiteElo "2548"]
[BlackElo "2310"]
[WhiteFideId "4171055"]
[BlackFideId "24250775"]
[EventDate "29.12.2022"]

1. e4 e5 2. Nf3 Nc6 3. Nc3 Nf6 4. h3 Be7 5. d4 exd4 6. Nxd4 Bb4 7. Nxc6 bxc6 8.
Bd3 d5 9. exd5 cxd5 10. Qe2+ Qe7 11. Qxe7+ Kxe7 12. a3 Bc5 13. b4 Bb6 14. Bb2 c6
15. Na4 Bc7 16. O-O-O Re8 17. Rhe1+ Kf8 18. Rxe8+ Nxe8 19. Nc5 h6 20. c4 Nf6 21.
Bxf6 gxf6 22. cxd5 cxd5 23. Bb5 Be6 24. Re1 Bf5 25. Bd3 Bxd3 26. Nxd3 Bb6 27.
Kd2 a5 28. b5 a4 29. Rb1 Ke7 30. f3 Kd6 31. Rc1 Ba5+ 32. Kd1 Rb8 33. Rc6+ Ke7
34. Rc5 Kd6 35. g4 Bd8 36. h4 Be7 37. h5 Ke6 38. Rc6+ Kd7 39. Nc5+ Kd8 40. b6
Bxc5 41. Rxc5 Rxb6 42. Rxd5+ Ke7 43. Kc2 Rb3 44. Rd3 Rb5 45. Rd4 Rb3 46. Rxa4
Rxf3 47. Ra7+ Ke6 48. Ra6+ Ke5 49. Ra5+ Ke6 50. Ra6+ Ke5 51. Ra5+ Ke6 52. a4 Rf4
53. Kb3 Rxg4 54. Rc5 Rg5 55. Kb4 Kd6 56. Rb5 Kc6 57. Kc4 Rg4+ 58. Kb3 Rg5 59.
Kb4 f5 60. Rc5+ Kb6 61. a5+ Kb7 62. Re5 Ka6 63. Re7 Rxh5 64. Rxf7 Rh4+ 65. Kc5
f4 66. Kd4 Kxa5 67. Ke4 Kb5 68. Rxf4 Rxf4+ 69. Kxf4 1/2-1/2

[Event "Mondiale Lampo FIDE 2022"]
[Site "Alma Ata"]
[Date "30.12.2022"]
[Round "14.57"]
[White "Ter-Sahakyan, Samvel"]
[Black "Ansat, Aldiyar"]
[Result "1-0"]
[WhiteTitle ""]
[BlackTitle ""]
[WhiteElo "2605"]
[BlackElo "2291"]
[WhiteFideId "13302531"]
[BlackFideId "13715658"]
[EventDate "29.12.2022"]

1. e4 c5 2. Nf3 Nc6 3. Bb5 e6 4. O-O Nge7 5. d4 cxd4 6. Nxd4 Ng6 7. Be3 Be7 8.
c3 O-O 9. Nd2 a6 10. Bd3 b5 11. f4 Bb7 12. Qh5 e5 13. fxe5 Ncxe5 14. Bc2 d5 15.
Nf5 Rc8 16. Bd4 Bc5 17. a3 Bxd4+ 18. Nxd4 Qb6 19. Rae1 Rcd8 20. Kh1 Rd6 21. exd5
Rxd5 22. Be4 Rc5 23. N2b3 Bxe4 24. Nxc5 Bxg2+ 25. Kxg2 Qxc5 26. Qe2 Qd5+ 27. Qe4
Qc4 28. Kh1 a5 29. Nf3 Nd3 30. Qxc4 bxc4 31. Re2 Ngf4 32. Rd2 Rb8 33. Ne5 g5 34.
Nxc4 a4 35. Ne3 h5 36. Ng2 Rb5 37. Nxf4 Nxf4 38. h4 f6 39. hxg5 fxg5 40. c4 Rc5
41. Rc2 h4 42. Rf3 Kg7 43. b4 axb3 44. Rxb3 g4 45. Rb5 Ne6 46. Re2 Rc6 47. Rf5
Nd4 48. Re7+ Kg6 49. Rff7 Nf5 50. Rc7 Re6 51. Rf8 Re1+ 52. Kh2 Re2+ 53. Kg1 h3
54. Rg8+ Kf6 55. Rxg4 Ne3 56. Rg3 h2+ 57. Kh1 1-0

[Event "Mondiale Lampo FIDE 2022"]
[Site "Alma Ata"]
[Date "30.12.2022"]
[Round "14.58"]
[White "Aleksandrov, Aleksej"]
[Black "Yilmaz, Mustafa"]
[Result "1-0"]
[WhiteTitle ""]
[BlackTitle ""]
[WhiteElo "2495"]
[BlackElo "2617"]
[WhiteFideId "13500139"]
[BlackFideId "6302718"]
[EventDate "29.12.2022"]

1. Nf3 d5 2. e3 Nf6 3. c4 e6 4. b3 b6 5. Bb2 Bb7 6. Be2 Nbd7 7. O-O Bd6 8. cxd5
exd5 9. Nd4 c5 10. Nf5 Bf8 11. d4 g6 12. Ng3 Bg7 13. Bf3 Ne4 14. Nc3 Nxc3 15.
Bxc3 O-O 16. Rc1 Nf6 17. dxc5 bxc5 18. Bxf6 Qxf6 19. Rxc5 Qb6 20. Rc2 Rad8 21.
Qc1 h5 22. h3 d4 23. Bxb7 d3 24. Rd2 Qxb7 25. Rfd1 Be5 26. Rxd3 Rxd3 27. Rxd3
Qa6 28. Qd2 Bxg3 29. fxg3 Qf6 30. h4 Rc8 31. Kh2 Rc6 32. Rd4 Re6 33. b4 Qe5 34.
e4 Qf6 35. Rd8+ Kg7 36. Qd4 Qxd4 37. Rxd4 Ra6 38. Rd2 Ra3 39. b5 Re3 40. Rd6
Rxe4 41. Ra6 Re7 42. a4 Rc7 43. Kg1 Re7 44. Kf2 f6 45. Kf3 g5 46. g4 hxg4+ 47.
Kxg4 gxh4 48. Kxh4 Kg6 49. Kg4 Re4+ 50. Kf3 Re7 51. Kf4 Rd7 52. g4 Kf7 53. Kf5
Rd5+ 1-0

[Event "Mondiale Lampo FIDE 2022"]
[Site "Alma Ata"]
[Date "30.12.2022"]
[Round "14.59"]
[White "Suleymenov, Alisher"]
[Black "Sychev, Klementy"]
[Result "0-1"]
[WhiteTitle ""]
[BlackTitle ""]
[WhiteElo "2476"]
[BlackElo "2556"]
[WhiteFideId "13707833"]
[BlackFideId "4114060"]
[EventDate "29.12.2022"]

1. d4 d5 2. c4 dxc4 3. e3 Nf6 4. Bxc4 e6 5. Nf3 a6 6. O-O Nbd7 7. Nbd2 c5 8. e4
cxd4 9. e5 Ng4 10. Qe2 Qc7 11. Re1 Bc5 12. Bd3 Nh6 13. Ne4 Nf5 14. Bf4 O-O 15.
Rac1 Qb6 16. a3 Be7 17. g4 Nh6 18. h3 Qd8 19. Bb1 Kh8 20. Bxh6 gxh6 21. Qd3 Rg8
22. Nd6 Rg7 23. Qxd4 Qf8 24. Qf4 Bxd6 25. exd6 b5 26. Rc7 Rb8 27. Be4 Rb6 28.
Rec1 Rb8 29. Ne5 Nxe5 30. Qxe5 f6 31. Qc5 Bd7 32. Bc6 Bxc6 33. Qxc6 Rd8 34. d7
f5 35. Rc8 fxg4 36. Kh2 0-1

[Event "Mondiale Lampo FIDE 2022"]
[Site "Alma Ata"]
[Date "30.12.2022"]
[Round "14.60"]
[White "Bilguun, Sumiya"]
[Black "Gareyev, Timur"]
[Result "0-1"]
[WhiteTitle ""]
[BlackTitle ""]
[WhiteElo "2474"]
[BlackElo "2602"]
[WhiteFideId "4901541"]
[BlackFideId "14200937"]
[EventDate "29.12.2022"]

1. e4 c6 2. Nc3 d5 3. Nf3 a6 4. d4 Bg4 5. Be2 e6 6. O-O Nf6 7. e5 Nfd7 8. Nb1 c5
9. c3 Nc6 10. Nbd2 cxd4 11. cxd4 Qb6 12. Nb3 Be7 13. Be3 a5 14. a4 Ndb8 15. Rc1
Na6 16. h3 Bf5 17. Bb5 Nc7 18. Bd3 Bxd3 19. Qxd3 Qb4 20. Ra1 O-O 21. Rfc1 Rfc8
22. Nc5 Bxc5 23. dxc5 h6 24. b3 Qe4 25. Qxe4 dxe4 26. Nd2 Nd5 27. Nxe4 Nxe3 28.
fxe3 Nxe5 29. Nd6 Rc7 30. Rc3 Rd8 31. Rac1 Rdd7 32. Kf2 Rc6 33. Ke2 b6 34. cxb6
Rcxd6 35. Rc5 f6 36. Rb5 Rb7 37. Rc8+ Kh7 38. Rxa5 Rdxb6 39. Rb5 Rxb5 40. axb5
Rxb5 41. Rc3 h5 42. e4 h4 43. Ke3 Kg6 44. Kd4 Kg5 45. Ke3 Rb4 46. Rc7 Rxb3+ 47.
Ke2 g6 0-1

[Event "Mondiale Lampo FIDE 2022"]
[Site "Alma Ata"]
[Date "30.12.2022"]
[Round "14.61"]
[White "Sindarov, Javokhir"]
[Black "Svane, Frederik"]
[Result "1-0"]
[WhiteTitle ""]
[BlackTitle ""]
[WhiteElo "2654"]
[BlackElo "2568"]
[WhiteFideId "14205483"]
[BlackFideId "12923044"]
[EventDate "29.12.2022"]

1. e4 c5 2. Nc3 e6 3. Nge2 Nc6 4. g3 d5 5. exd5 exd5 6. Bg2 Nf6 7. d4 cxd4 8.
Nxd4 Bg4 9. Qd3 Bc5 10. Be3 Qb6 11. Nb3 Bxe3 12. Qxe3+ Qxe3+ 13. fxe3 O-O-O 14.
h3 Bh5 15. g4 Bg6 16. O-O-O Rhe8 17. Rhe1 Re5 18. Nd4 Rde8 19. Ndb5 Kb8 20. Nxd5
Nxd5 21. Bxd5 Rxe3 22. Rxe3 Rxe3 23. h4 h5 24. gxh5 Bxh5 25. Rg1 Re5 26. Nc3 Bg6
27. Rf1 Nd8 28. a4 Rf5 29. Re1 Rf2 30. Be4 Bxe4 31. Rxe4 Ne6 32. Nb5 Rf4 33.
Rxf4 Nxf4 34. Nd6 Ng6 35. Nf5 Kc7 36. h5 Nf8 37. Nxg7 Kd6 38. Kd2 Ke5 39. Ke3
Nd7 40. h6 Kf6 41. Ne8+ Kg6 42. Nd6 b6 43. b4 Kxh6 44. Nxf7+ Kg6 45. Nd6 Kf6 46.
Nc8 a6 47. Kd4 Ke6 48. c4 a5 49. b5 Kf7 50. Kd5 Ke8 51. Kc6 Ne5+ 52. Kd5 Nd7 53.
Nd6+ Kd8 54. Kc6 Ke7 55. Nc8+ 1-0

[Event "Mondiale Lampo FIDE 2022"]
[Site "Alma Ata"]
[Date "30.12.2022"]
[Round "14.62"]
[White "Sjugirov, Sanan"]
[Black "Narayanan, Srinath"]
[Result "1/2-1/2"]
[WhiteTitle ""]
[BlackTitle ""]
[WhiteElo "2712"]
[BlackElo "2559"]
[WhiteFideId "4189302"]
[BlackFideId "5018420"]
[EventDate "29.12.2022"]

1. e4 c6 2. d4 d5 3. e5 c5 4. Nf3 cxd4 5. Nxd4 Nc6 6. Nxc6 bxc6 7. Bd3 e6 8. O-O
Ne7 9. Nd2 a5 10. Nf3 Ba6 11. Bxa6 Rxa6 12. c4 Ng6 13. Qa4 Qd7 14. Be3 Be7 15.
Rac1 O-O 16. cxd5 Qxd5 17. Rfd1 Qb5 18. Qxb5 cxb5 19. Rd7 Raa8 20. Rb7 Rfb8 21.
Rcc7 Rxb7 22. Rxb7 b4 23. g3 a4 24. h4 h5 25. Bd2 a3 26. Bxb4 axb2 27. Bxe7 Nxe7
28. Rxb2 f6 29. Re2 Kf7 30. Nd4 Ra6 31. Kg2 Nd5 32. exf6 gxf6 33. Rb2 Kg6 34.
Rb8 e5 35. Nb3 Rxa2 1/2-1/2